000 00464nmm a2200145Ia 4500
008 251105s9999||||xx |||||||||||||||||und||
041 _aspa
100 _aVV. AA.
245 0 _aUna antropología para el siglo XXI :
_b II Congreso Internacional
264 _a[Bogotá, Colombia] :
_bUniversidad Católica de Colombia,
_c2012
300 _a236 páginas
650 _aPhilosophy, Ethics
856 _uhttps://public.digitaliapublishing.com/a/127759
942 _cCF
999 _c104666
_d104666